000
00303nam a2200121Ia 4500
008
241015s9999 xx 000 0 und d
041
_a
eng
082
_a
615.32 SH
100
_a
Mary Shipley
245
_a
Aromatherapy For Everyone
260
_b
Squareone Pubishers
_a
USA
_c
2019
300
_a
171;. P. 22 cm
999
_c
41678
_d
41678